Les plus beaux pays du monde à visiter - Statistiques

Statistiques générales
  • Ce quiz a été pris 137 fois
  • Le résultat moyen est 2 sur 20
Statistiques - réponses
Hint Réponse % Correct
pays d'Océanie Nouvelle zélande
69%
pays d'Asie Japon
27%
pays d'Amérique du Sud Colombie
19%
pays d'Amérique du Sud Argentine
18%
pays d'Afrique Namibie
16%
pays d'Europe Italie
13%
pays d'Afrique Maroc
11%
pays d'Europe Islande
9%
pays d'Asie Iran
7%
pays d'Océanie Vanuatu
6%
pays d'Océanie Fidji
5%
pays d'Asie Inde
2%
pays d'Asie Indonésie
2%
pays d'Europe Norvège
2%
pays d'Asie Turquie
2%
pays d'Asie Birmanie
1%
pays d'Asie Mongolie
1%
pays d'Asie Népal
1%
pays d'Asie Phillipines
1%
pays d'Europe Pologne
1%
Aucun quiz correspondant
Distribution des résultats
% des personnes avec chaque résultat
Percentile par nombre de réponses
Votre historique - résultats
Vous n’avez pas pris ce quiz